|
|
|
|
| LEADER |
00000nab a2200000 a 4500 |
| 001 |
vtls000842610 |
| 003 |
SK-MaSNL |
| 005 |
20260304115923.0 |
| 008 |
250429c2003 xo 0 slo |
| 015 |
|
|
|a SNBRB2003/09-22921
|
| 035 |
|
|
|a CLN000194265
|
| 035 |
|
|
|a urn:nbn:sk:snk-ab1y0n
|
| 035 |
|
|
|a (urnnbn)urn:nbn:sk:snk:ar-a017hj
|
| 035 |
|
|
|a (uuid)6c29c026-f1d0-445d-8484-697d46ad7190
|
| 040 |
|
|
|a SNKBUCL
|b slo
|c SNKBUCL
|e AACR2
|
| 041 |
0 |
|
|a slo
|
| 044 |
|
|
|a xo
|c SK
|
| 080 |
|
|
|a 78.071.1
|2 1997
|
| 100 |
1 |
|
|a Blahová, Natália
|4 aut
|9 391557
|
| 245 |
1 |
0 |
|a Verdiho epilóg a verdiovský pesimizmus
|c Natália Blahová
|
| 300 |
|
|
|b Fotogr.
|
| 600 |
1 |
7 |
|a Verdi, Giuseppe,
|d 1813-1901
|2 snkbucl
|9 119152
|
| 655 |
|
7 |
|a články z novín a časopisov
|2 snkbucl
|9 267496
|
| 773 |
0 |
|
|t Hudobný život
|g Roč. 35, č. 6 (2003), s. 36-38
|x 1335-4140
|
| 850 |
|
|
|a Slovenská národná knižnica
|
| 852 |
|
|
|a Slovenská národná knižnica
|
| 954 |
|
|
|a odborná, vedecká literatúra pôvodná (slovenská)
|2 lita
|
| 958 |
|
|
|a article27
|
| 958 |
|
|
|a OND
|
| 958 |
|
|
|a IT
|
| 958 |
|
|
|a EUIPO
|
| 992 |
|
|
|a RBX
|
| 999 |
|
|
|c 2878039
|d 2879969
|